Statistics for Countries, US States, Capitals, Elements, 100 Most Common Words: Starting with L

Click here to take the quiz!

General Stats

  • This quiz has been taken 12,399 times
  • The average score is 21 of 32

Answer Stats

ANSWER% Correct
Latvia
91%
Lithuania
91%
Luxembourg
88%
Luxembourg
88%
Liberia
85%
Libya
85%
Liechtenstein
85%
Louisiana
85%
Laos
83%
London
81%
Lithium
80%
Lebanon
78%
Lesotho
73%
Lisbon
73%
Lima
72%
Luanda
66%
Lusaka
62%
Lilongwe
60%
Like
59%
Lomé
58%
Ljubljana
57%
Lead
55%
Libreville
53%
Lincoln
47%
La Paz or Sucre
46%
Lanthanum
45%
Lansing
44%
Little Rock
43%
Lawrencium
42%
Look
42%
Lutetium
42%
Livermorium
39%

Score Distribution

Percentile by Number Answered

Percent of People with Each Score

Your Score History

You have not taken this quiz